Toutes les Gares du Reseau SNCF en Occitanie - Statistiques

Statistiques générales
  • Ce quiz a été pris 30 fois
  • Le résultat moyen est 46 sur 244
Réponses sur la Carte
Les réponses sont colorées sur une échelle allant du rouge au vert en fonction du pourcentage des utilisateurs qui les ont devinées à leur premier essai. Vous pouvez retrouver ces pourcentages ci-dessous.
 
Statistiques - réponses
Réponse % Correct
Toulouse Matabiau
91%
Narbonne
74%
Nîmes
74%
Perpignan
74%
Béziers
70%
Carcassonne
65%
Montpellier Saint-Roch
61%
Rodez
61%
Sète
61%
Tarbes
61%
Agde
57%
Albi
57%
Auch
57%
Castelnaudary
57%
Colomiers
52%
Foix
52%
Frontignan
52%
Montpellier Sud de France
52%
Nîmes Pont du Gard
52%
Alès
48%
Cahors
48%
Cerbère
48%
Mende
48%
Ax-les-Thermes
43%
Castres
43%
Lourdes
43%
Lunel
43%
Millau
43%
Montauban Ville Bourbon
43%
Muret
43%
Rivesaltes
43%
Banyuls-sur-Mer
39%
Collioure
39%
Elne
35%
Figeac
35%
Le Grau-du-Roi
35%
Lézignan-Corbières
35%
L'Isle-Jourdain
35%
Pamiers
35%
Port-la-Nouvelle
35%
Port-Vendres
35%
Aigues-Mortes
30%
Argelès-sur-Mer
30%
Bédarieux
30%
Bram
30%
Capdenac
30%
Labège Innopole
30%
Marseillan Plage
30%
Saint-Agne
30%
Saint-Gaudens
30%
Villeneuve-lès-Maguelone
30%
Albi Madeleine
26%
Gaillac
26%
Labège Village
26%
Lannemezan
26%
Limoux
26%
Marvejols
26%
Mazamet
26%
Montaudran
26%
Tarascon-sur-Ariège
26%
Villefranche-de-Lauragais
26%
Villefranche-de-Rouergue
26%
Baillargues
22%
Beaucaire
22%
Carmaux
22%
Castelsarrasin
22%
Caussade
22%
Coursan
22%
Gramat
22%
La Bastide - Saint-Laurent-les-Bains
22%
Langogne
22%
Latour-de-Carol - Enveitg
22%
Lavaur
22%
Leucate La Franqui
22%
Luc
22%
Lunel-Viel
22%
Moissac
22%
Pont-Saint-Esprit
22%
Saint-Jory
22%
Salses-le-Château
22%
Saverdun
22%
Souillac
22%
Vauvert
22%
Vergèze - Codognan
22%
Vias
22%
Vic - Mireval
22%
Villenouvelle
22%
Andorre – l’Hospitalet
17%
Assier
17%
Auterive
17%
Bagnols-sur-Cèze
17%
Baziège
17%
Boussens
17%
Colomiers Lycée International
17%
Escalquens
17%
Gallieni Cancéropôle
17%
Gourdon
17%
Lardenne
17%
Lisle-sur-Tarn
17%
Luc-la-Primaube
17%
Marssac-sur-Tarn
17%
Montlaur
17%
Naucelle
17%
Porté-Puymorens
17%
Portet Saint-Simon
17%
Saint-Aunès
17%
Saint-Césaire
17%
Saint-Chély-d'Apcher
17%
Saint-Geniès-de-Malgoirès
17%
Saint-Jean-de-Verges
17%
Varilhes
17%
Aubin
13%
Aumont-Aubrac
13%
Bourg-Madame
13%
Brax - Léguevin
13%
Capvern
13%
Castelnau-d'Estrétefonds
13%
Chamborigaud
13%
Cransac
13%
Dieupentale
13%
Génolhac
13%
Gimont Cahuzac
13%
Grand-Combe la Pise
13%
Grisolles
13%
Ille-sur-Têt
13%
Lacourtensourt
13%
Le Cailar
13%
Le Fauga
13%
Les Ramassiers
13%
Le Toec
13%
Le Vernet d'Ariège
13%
Lexos
13%
Luzenac - Garanou
13%
Magalas
13%
Millas
13%
Montbartier
13%
Montréjeau - Gourdan-Polignan
13%
Najac
13%
Pibrac
13%
Pins-Justaret
13%
Rabastens - Coufouleux
13%
Rocamadour - Padirac
13%
Saint-Cyprien Arènes
13%
Saint-Laurent-d'Aigouze
13%
Saint-Martin du Touch
13%
Tanus
13%
Tournay
13%
Valence d'Agen
13%
Villefort
13%
Aimargues
9%
Albias
9%
Aubiet
9%
Avignonet-Lauragais
9%
Baraqueville Carcenac Peyralès
9%
Barjac
9%
Beauvoisin
9%
Carbonne
9%
Cazères
9%
Ceilhes - Roqueredonde
9%
Chirac
9%
Cintegabelle
9%
Cordes - Vindrac
9%
Damiatte - Saint-Paul
9%
Fons - Saint-Mamert
9%
Fontpédrouse
9%
Font-Romeu-Odeillo-Via
9%
Gallargues-le-Montueux
9%
Générac
9%
Gragnague
9%
Labruguière
9%
Laguépie
9%
La Levade
9%
La Ville-Dieu-du-Temple
9%
Le Bousquet-d'Orb
9%
Longages - Noé
9%
Martres-Tolosane
9%
Mérenvielle
9%
Montastruc-la-Conseillère
9%
Montrabé
9%
Nozières - Brignon
9%
Roquesérière - Buzet
9%
Saint-Denis-lès-Martel
9%
Sainte-Cécile-d'Andorge
9%
Saint-Martory
9%
Saint-Sulpice (Tarn)
9%
Sévérac-d'Aveyron
9%
Tessonnières
9%
Uchaud
9%
Valergues - Lansargues
9%
Villefranche - Vernet-les-Bains
9%
Viviez - Decazeville
9%
Allenc
4%
Bagnac-sur-Célé
4%
Bagnols - Chadenet
4%
Balsièges
4%
Banassac - La Canourgue
4%
Belvezet
4%
Boucoiran-et-Nozières
4%
Bretenoux - Biars
4%
Chanac
4%
Chasseradès
4%
Couffoulens - Leuc
4%
Lalbenque - Fontanes
4%
Lamagistère
4%
Les Cabannes
4%
Les Cabrils
4%
Les Cauquillous
4%
Le Soler
4%
Limoux Flassian
4%
Marquixanes
4%
Mérens-les-Vals
4%
Milhaud
4%
Pomas
4%
Prades - Molitg-les-Bains
4%
Saint-Christophe-Vallon
4%
Saint-Féliu-d'Avall
4%
Saint-Pé-de-Bigorre
4%
Salles-Courbatiès
4%
Venerque - Vernet
4%
Verzeille
4%
Vielmur-sur-Agout
4%
Vinça
4%
Bétaille
0%
Campagnac - Saint-Geniez
0%
Dégagnac
0%
Gignac - Cressensac
0%
Joncet
0%
Laval-de-Cère
0%
Le Bruel
0%
Le Monastier-Pin-Moriès
0%
Les Quatre-Routes-du-Lot
0%
Les Salelles
0%
Lunas
0%
Mont-Louis - La Cabanasse
0%
Montpaon
0%
Olette - Canaveilles
0%
Puybrun
0%
Ria-Sirach
0%
Saillagouse
0%
Saint-Georges-de-Luzençon
0%
Saint-Rome-de-Cernon
0%
Thuès Carença
0%
Tournemire - Roquefort
0%
Vayrac
0%
Aucun quiz correspondant
Distribution des résultats
% des personnes avec chaque résultat
Percentile par nombre de réponses
Votre historique - résultats
Vous n’avez pas pris ce quiz